000
00288 a2200133 4500
001
60983
020
_a
3928503068
040
_c
Anchieta - Pituba
240
1
0
_a
Colonia
_l
por
245
1
0
_a
Colonia
300
_a
64
650
4
_a
Tratamento histórico e geográfico de pessoas
942
_c
BK
999
_c
60983
_d
60983